| 000 | 00499nam a2200157 i 4500 | ||
|---|---|---|---|
| 001 | 101821 | ||
| 003 | ES-MaACL | ||
| 005 | 20230906183003.0 | ||
| 007 | t| | ||
| 008 | 051026s1968 sp ||||1| spa d | ||
| 100 | 1 |
_aMena, José María de. _980046 |
|
| 245 | 1 | 4 |
_aLas leyendas y tradiciones de Sevilla / _cpor José María de Mena. |
| 260 |
_aSevilla : _bSanatorio de Niños Lisiados "Jesús del Gran Poder", _c1968. |
||
| 300 |
_a229 p. : _bil. ; _c24 cm. |
||
| 852 |
_aES-MaACL _jC-37092 _bR.69763 |
||
| 999 |
_c101821 _d101821 |
||